000 00379nam a22001457u 4500
008 130405s1972 xxu||||| |||| 00| 0 spa d
041 _aspa
100 1 _aTijeras, Eduardo
_926851
245 0 0 _aAcerca de la felicidad y la muerte
_cEduardo Tijeras
260 _aBarcelona:
_bPlaneta,
_c1972
300 _a
_c;20 cm.
650 0 4 _aMetafĂ­sica
_913351
942 _cBK
001 80878
999 _c250191
_d250191